[Event "Maharashtra Chess League"]
[Site "Pune"]
[Date "2014.06.13"]
[Round "5"]
[White "Vignesh, Nr"]
[Black "Patil, Pratik"]
[Result "1-0"]
[WhiteElo "2085"]
[BlackElo "2203"]
[PlyCount "125"]
[EventDate "2014.06.11"]
[EventType "team"]
[EventCountry "IND"]

1. d4 Nf6 2. c4 g6 3. g3 Bg7 4. Bg2 d5 5. Nf3 O-O 6. Nbd2 c5 7. dxc5 dxc4 8.
O-O Qa5 9. Nxc4 Qxc5 10. Nfe5 Ng4 11. Nxg4 Bxg4 12. Ne3 Bc8 13. Nd5 Nc6 14. Be3
Qd6 15. Qc1 Be6 16. Bf4 Be5 17. Rd1 Bxd5 18. Rxd5 Bxf4 19. Qxf4 Qxf4 20. gxf4
Rfd8 21. Rc1 Rxd5 22. Bxd5 Rd8 23. Bxc6 bxc6 24. Rc2 f5 25. e3 Rd6 26. Kf1 Kf7
27. Ke2 Ke6 28. Rc5 Kf7 29. Ra5 Rd7 30. b3 Ke8 31. Rc5 Rd6 32. Rc4 Kd8 33. Ra4
Rd7 34. Ra6 Rc7 35. Kd3 Kc8 36. Ra5 Rd7+ 37. Kc2 Kb7 38. Re5 Kc7 39. Re6 Kb6
40. h4 Kb5 41. h5 gxh5 42. Re5+ c5 43. Rxf5 Kb4 44. Rxh5 c4 45. bxc4 Kxc4 46.
Rxh7 Kd5 47. f3 Kc4 48. f5 Rd5 49. Rxe7 Rxf5 50. f4 a6 51. Rc7+ Kd5 52. Kd3 Rf8
53. Ra7 Rf6 54. e4+ Kc5 55. f5 Rb6 56. Ke3 Kd6 57. Kf4 Rc6 58. e5+ Kd5 59. Rd7+
Kc5 60. Rd2 Rh6 61. e6 Rh1 62. f6 Rf1+ 63. Kg5 1-0

[Event "Maharashtra Chess League"]
[Site "Pune"]
[Date "2014.06.13"]
[Round "5"]
[White "Mohanty, Kiran Manisha"]
[Black "Rout, Padmini"]
[Result "1/2-1/2"]
[WhiteElo "2195"]
[BlackElo "2367"]
[PlyCount "94"]
[EventDate "2014.06.11"]
[EventType "team"]
[EventCountry "IND"]

1. e4 c5 2. Nf3 d6 3. d4 cxd4 4. Nxd4 Nf6 5. Nc3 a6 6. Bg5 e6 7. Qe2 Qc7 8.
O-O-O Nbd7 9. Kb1 b5 10. a3 Bb7 11. h4 Be7 12. Rh3 Nc5 13. f3 O-O 14. g4 Rab8
15. Bd2 Rfe8 16. h5 Bf8 17. g5 Nfd7 18. Qh2 Ne5 19. Bf4 Ba8 20. Na2 Rbd8 21.
Be2 Nc6 22. Nxc6 Bxc6 23. Be3 Rc8 24. Rg1 d5 25. e5 Nd7 26. Bf4 Bc5 27. Rd1 Nf8
28. Bd3 g6 29. Bc1 a5 30. Qf4 Re7 31. Rdh1 b4 32. Be3 Bxe3 33. Qxe3 bxa3 34. b3
a4 35. b4 Bb5 36. Rc1 Bc4 37. Qd4 Bxa2+ 38. Kxa2 Qc3 39. Qxc3 Rxc3 40. f4 Nd7
41. Rch1 Nf8 42. h6 Rec7 43. Rb1 Nd7 44. b5 Nb6 45. Rb4 Kf8 46. Rh1 Ke7 47.
Rhb1 Kd7 1/2-1/2

[Event "Maharashtra Chess League"]
[Site "Pune"]
[Date "2014.06.13"]
[Round "5"]
[White "Sethuraman, S P."]
[Black "Sharma, Himanshu"]
[Result "0-1"]
[WhiteElo "2579"]
[BlackElo "2427"]
[PlyCount "106"]
[EventDate "2014.06.11"]
[EventType "team"]
[EventCountry "IND"]

1. e4 c5 2. Nf3 Nc6 3. d4 cxd4 4. Nxd4 Nf6 5. Be3 a6 6. Nc3 e6 7. Qd2 Qc7 8.
O-O-O Bb4 9. f3 Ne5 10. Nb3 b5 11. Qe1 Rb8 12. Qg3 Nh5 13. Qg5 g6 14. Bd4 f6
15. Qe3 Be7 16. Kb1 Nc4 17. Qf2 O-O 18. g3 Bb7 19. Bxc4 bxc4 20. Bb6 Qc8 21.
Na5 Ba8 22. Qd4 Bb4 23. Na4 d5 24. exd5 Bxd5 25. Rhf1 Qd7 26. g4 Ng7 27. Ba7
Bxa5 28. Bxb8 Rxb8 29. Nc3 Bxc3 30. Qxc3 Qc6 31. h4 Kf7 32. f4 Qb5 33. a3 f5
34. h5 fxg4 35. hxg6+ hxg6 36. Rg1 Nf5 37. Qe5 g3 38. Rge1 Rb7 39. Qc3 g2 40.
Re5 Qb6 41. Ree1 a5 42. Ka1 Rb8 43. Qe5 Qd6 44. Qc3 a4 45. Qa5 Qc6 46. Qc3 Qb5
47. Qe5 Rb7 48. Qc3 Qc5 49. Rg1 Qe3 50. Qh8 c3 51. Qh7+ Ng7 52. f5 cxb2+ 53.
Kb1 gxf5 0-1

[Event "Maharashtra Chess League"]
[Site "Pune"]
[Date "2014.06.13"]
[Round "5"]
[White "Deshmukh, Anup"]
[Black "Gomes, Mary Ann"]
[Result "0-1"]
[WhiteElo "2256"]
[BlackElo "2367"]
[PlyCount "58"]
[EventDate "2014.06.11"]
[EventType "team"]
[EventCountry "IND"]

1. c4 c5 2. Nf3 Nc6 3. g3 e5 4. d3 g6 5. Nc3 Bg7 6. Bg2 Nge7 7. a3 a5 8. O-O
O-O 9. e3 d6 10. Nb5 h6 11. d4 e4 12. Ne1 f5 13. b3 d5 14. Nc2 Be6 15. Qe2 a4
16. bxa4 Rxa4 17. dxc5 Bxa1 18. Nxa1 dxc4 19. Rd1 Qa5 20. Nd6 Qxc5 21. Nxb7 Qb6
22. Qc2 Ra7 23. Nd6 Rd7 24. Qc3 Qa5 25. Qxa5 Nxa5 26. Rd4 Nac6 27. Nb5 Nxd4 28.
Nxd4 Rxd4 29. exd4 Rb8 0-1

[Event "Maharashtra Chess League"]
[Site "Pune"]
[Date "2014.06.13"]
[Round "5"]
[White "Kulkarni, Rakesh"]
[Black "Udeshi, Aditya"]
[Result "0-1"]
[WhiteElo "2274"]
[BlackElo "2420"]
[PlyCount "90"]
[EventDate "2014.06.11"]
[EventType "team"]
[EventCountry "IND"]

1. e4 c5 2. c3 Qa5 3. a3 d6 4. Nf3 Nf6 5. b4 Qc7 6. bxc5 dxc5 7. e5 Nd5 8. Bc4
Nb6 9. Bb5+ Nc6 10. d4 a6 11. Be2 Bg4 12. Be3 e6 13. O-O Be7 14. Nbd2 O-O 15.
Ne4 Rfd8 16. Qc1 cxd4 17. cxd4 Rac8 18. Rd1 Na5 19. Qxc7 Rxc7 20. Nc5 Bxc5 21.
dxc5 Rxd1+ 22. Rxd1 Nd5 23. h3 Bh5 24. g4 Bg6 25. Nd4 Nxe3 26. fxe3 h6 27. Rc1
Be4 28. Kf2 Nc6 29. Bf3 Bxf3 30. Nxf3 Rd7 31. Rb1 Rd5 32. Rxb7 Rxc5 33. Rb6 a5
34. a4 Nxe5 35. Nxe5 Rxe5 36. Rb5 Rg5 37. Kf3 Kh7 38. Rxg5 hxg5 39. Ke4 Kg6 40.
Ke5 f5 41. Kd4 f4 42. Ke4 e5 43. h4 gxh4 44. exf4 h3 45. Kf3 exf4 0-1

[Event "Maharashtra Chess League"]
[Site "Pune"]
[Date "2014.06.13"]
[Round "5"]
[White "Dodeja, Pawan"]
[Black "Karavade, Eesha"]
[Result "1/2-1/2"]
[WhiteElo "2147"]
[BlackElo "2437"]
[PlyCount "104"]
[EventDate "2014.06.11"]
[EventType "team"]
[EventCountry "IND"]

1. e4 c5 2. Nf3 d6 3. d4 cxd4 4. Nxd4 Nf6 5. Nc3 a6 6. Be3 e5 7. Nb3 Be6 8. f3
h5 9. Qd2 Nbd7 10. Nd5 Bxd5 11. exd5 Qc7 12. c4 b6 13. Be2 g6 14. O-O Bg7 15.
Rac1 O-O 16. Na1 a5 17. Nc2 Nc5 18. Na3 Rac8 19. Nb5 Qb8 20. b3 Rfe8 21. Kh1
Nfd7 22. Rb1 f5 23. Bh6 Nf6 24. Bxg7 Kxg7 25. a3 Red8 26. b4 axb4 27. axb4 Na6
28. Ra1 Nc7 29. Na7 Nce8 30. Nc6 Rxc6 31. dxc6 Nc7 32. Rfd1 Ne6 33. Qc3 h4 34.
Ra6 f4 35. Rda1 Kh6 36. Bd3 Rc8 37. b5 Qc7 38. Ra7 Qd8 39. Rf7 Ng5 40. Rb7 Ne6
41. Raa7 h3 42. gxh3 Qh8 43. Qe1 Nh5 44. Re7 Ng5 45. Qg1 Qf6 46. Qg4 e4 47.
Bxe4 Rh8 48. Red7 Qd4 49. Bxg6 Qd1+ 50. Qg1 Qxf3+ 51. Qg2 Qd1+ 52. Qg1 Qf3+
1/2-1/2

[Event "Maharashtra Chess League"]
[Site "Pune"]
[Date "2014.06.13"]
[Round "5"]
[White "Kulkarni, Bhakti"]
[Black "Vishnu Prasanna, V."]
[Result "0-1"]
[WhiteElo "2278"]
[BlackElo "2479"]
[PlyCount "80"]
[EventDate "2014.06.11"]
[EventType "team"]
[EventCountry "IND"]

1. d4 Nf6 2. Nf3 e6 3. e3 b6 4. Bd3 Bb7 5. O-O d5 6. b3 g6 7. Ne5 Bg7 8. f4 O-O
9. Ba3 Re8 10. Nd2 Nbd7 11. Bb5 a6 12. Bc6 Qc8 13. c4 Bxc6 14. Nxc6 Qb7 15. Ne5
Rad8 16. Rc1 c5 17. Nxd7 Nxd7 18. Nf3 dxc4 19. bxc4 Qe4 20. Qd2 cxd4 21. exd4
Nc5 22. Rcd1 Qb7 23. Ne5 Ne4 24. Qb2 f6 25. Nd3 Qd7 26. Nb4 f5 27. Nc2 b5 28.
cxb5 axb5 29. Rf3 Rc8 30. g3 Rc4 31. Rfd3 Rec8 32. Ne3 Nc3 33. Nxc4 Nxd1 34.
Rxd1 Rxc4 35. Qg2 Rxd4 36. Qa8+ Kf7 37. Rf1 Ra4 38. Qf3 Qa7+ 39. Kh1 Rxa3 40.
Qc6 Qa8 0-1

[Event "Maharashtra Chess League"]
[Site "Pune"]
[Date "2014.06.13"]
[Round "5"]
[White "Prasanna Rao, S."]
[Black "Lalith Babu, M R."]
[Result "1-0"]
[WhiteElo "2427"]
[BlackElo "2580"]
[PlyCount "115"]
[EventDate "2014.06.11"]
[EventType "team"]
[EventCountry "IND"]

1. d4 Nf6 2. c4 e6 3. g3 d5 4. Nf3 Be7 5. Bg2 O-O 6. O-O c6 7. Qc2 b6 8. Nbd2
Bb7 9. b3 Na6 10. Bb2 Rc8 11. Rac1 c5 12. cxd5 cxd4 13. Qb1 Qxd5 14. Nh4 Qd7
15. Bxb7 Qxb7 16. Bxd4 Nb4 17. a3 Nc6 18. Bb2 Qa6 19. Rfe1 b5 20. b4 Qb6 21.
Nhf3 h6 22. Nb3 Rfd8 23. h3 Ne8 24. Ne5 Nxe5 25. Bxe5 Nd6 26. Bd4 Qa6 27. Nc5
Qc6 28. Nxe6 Qd7 29. Nxd8 Rxd8 30. Bc5 Qxh3 31. Rcd1 Qe6 32. Bxd6 Bxd6 33. Qd3
a6 34. Qd5 Qg6 35. Qc6 h5 36. Rd3 h4 37. Red1 hxg3 38. Rxd6 gxf2+ 39. Kxf2 Rxd6
40. Rxd6 Qg5 41. Qe8+ Kh7 42. Qe4+ g6 43. Rd3 Kg8 44. Rf3 Qd8 45. Qf4 Qb6+ 46.
Kg3 Qe6 47. e4 Qe7 48. e5 Qa7 49. Rf2 Qd7 50. Rf3 Qa7 51. Kg2 Qd7 52. Qg5 Qd5
53. Qe3 Qe6 54. Qe4 Qa2+ 55. Kg3 Qa1 56. Qe3 Kg7 57. e6 fxe6 58. Qc3+ 1-0

[Event "Maharashtra Chess League"]
[Site "Pune"]
[Date "2014.06.13"]
[Round "5"]
[White "Dhopade, Swapnil"]
[Black "Dharia, Parnali"]
[Result "1-0"]
[WhiteElo "2377"]
[BlackElo "1874"]
[PlyCount "139"]
[EventDate "2014.06.11"]
[EventType "team"]
[EventCountry "IND"]

1. d4 d5 2. c4 e6 3. Nf3 c5 4. cxd5 exd5 5. e3 Nc6 6. Be2 Nf6 7. O-O Bd6 8.
dxc5 Bxc5 9. Nc3 O-O 10. b3 Bg4 11. Bb2 Rc8 12. Rc1 Bd6 13. Nd4 Bxe2 14. Ncxe2
Ne5 15. Rxc8 Qxc8 16. Nf4 Qd7 17. Qe2 a6 18. Rd1 Rc8 19. h3 Bb8 20. Nf3 Nxf3+
21. Qxf3 Bxf4 22. Qxf4 Qe6 23. Bxf6 Qxf6 24. Qxf6 gxf6 25. Rxd5 Rc1+ 26. Kh2
Rc2 27. Kg3 Rxa2 28. Rd6 b5 29. Rxf6 a5 30. Rb6 b4 31. Ra6 Kg7 32. Kf3 Kf8 33.
g4 Kg7 34. h4 h6 35. Kg3 Ra3 36. Kf4 Ra2 37. f3 Ra3 38. e4 Rxb3 39. Rxa5 Rb1
40. Rb5 b3 41. Kf5 b2 42. f4 Rh1 43. Rxb2 Rxh4 44. e5 Rh1 45. Rb7 Re1 46. Re7
Ra1 47. e6 Ra5+ 48. Ke4 Ra4+ 49. Kf3 Ra3+ 50. Kg2 Kf6 51. Rxf7+ Kxe6 52. Rh7
Kd5 53. Rxh6 Ke4 54. Rf6 Ra2+ 55. Kg3 Ra3+ 56. Kh4 Kf3 57. Kg5 Ra5+ 58. Rf5 Ra8
59. Rf6 Ra5+ 60. f5 Ra4 61. Rb6 Rxg4+ 62. Kh6 Rh4+ 63. Kg7 Rg4+ 64. Rg6 Ra4 65.
f6 Ra7+ 66. f7 Kf4 67. Kg8 Kf5 68. Rg1 Ra8+ 69. f8=Q+ Rxf8+ 70. Kxf8 1-0

[Event "Maharashtra Chess League"]
[Site "Pune"]
[Date "2014.06.13"]
[Round "5"]
[White "Kulkarni, Vikramaditya"]
[Black "Shah, Sagar"]
[Result "1-0"]
[WhiteElo "2403"]
[BlackElo "2314"]
[PlyCount "110"]
[EventDate "2014.06.11"]
[EventType "team"]
[EventCountry "IND"]

1. Nf3 c5 2. e4 Nc6 3. d3 g6 4. g3 Bg7 5. Bg2 e5 6. O-O Nge7 7. c3 O-O 8. Nbd2
d6 9. a3 h6 10. b4 b6 11. b5 Na5 12. c4 f5 13. Ne1 f4 14. Nb1 Be6 15. Nc3 Qd7
16. Ra2 Bh3 17. Bxh3 Qxh3 18. f3 fxg3 19. hxg3 Qxg3+ 20. Rg2 Qh3 21. Nd5 Nxd5
22. cxd5 Rf6 23. Rh2 Qd7 24. a4 g5 25. Bd2 Raf8 26. Rff2 Nb7 27. Rhg2 Qf7 28.
Rg3 c4 29. dxc4 Nc5 30. Rfg2 Qh5 31. Rh2 Qg6 32. Qe2 Nb3 33. Be3 R6f7 34. Nc2
Nd4 35. Bxd4 exd4 36. Rhg2 Be5 37. Rh3 Rf6 38. Qd3 R6f7 39. Nxd4 Bxd4+ 40. Qxd4
Qg7 41. Re2 Rf6 42. Rd2 Qf7 43. Kg2 Rg6 44. e5 g4 45. fxg4 Qf1+ 46. Kh2 Rf4 47.
Qg1 Qxc4 48. exd6 Rfxg4 49. Qf2 Rf4 50. Qe2 Qc1 51. Rd1 Qc5 52. d7 Rf2+ 53. Kh1
Rxe2 54. d8=Q+ Kh7 55. Qd7+ Kg8 1-0

[Event "Maharashtra Chess League"]
[Site "Pune"]
[Date "2014.06.13"]
[Round "5"]
[White "Swaminathan, Soumya"]
[Black "Gupta, Abhijeet"]
[Result "1/2-1/2"]
[WhiteElo "2298"]
[BlackElo "2636"]
[PlyCount "141"]
[EventDate "2014.06.11"]
[EventType "team"]
[EventCountry "IND"]

1. e4 c5 2. Nf3 d6 3. d4 cxd4 4. Nxd4 Nf6 5. Nc3 Nc6 6. Bg5 e6 7. Qd2 a6 8.
O-O-O Bd7 9. f3 Be7 10. Kb1 O-O 11. h4 Nxd4 12. Qxd4 Bc6 13. Qd2 b5 14. Ne2 Bb7
15. Nd4 Rc8 16. g4 Nd7 17. Be3 Ne5 18. Qg2 Qc7 19. g5 d5 20. Bd3 dxe4 21. Bxe4
Nc4 22. Bc1 Bxe4 23. fxe4 Bc5 24. Rd3 Rfd8 25. Nb3 Be7 26. h5 a5 27. g6 Bf6 28.
Rhd1 Qe5 29. gxf7+ Kxf7 30. Rxd8 Rxd8 31. Rxd8 Bxd8 32. Qf2+ Ke8 33. Qd4 Qxh5
34. Qxg7 Be7 35. Nd4 Kd7 36. b3 Nd6 37. e5 Nf5 38. Nxf5 Qxf5 39. Be3 Qg6 40.
Qxg6 hxg6 41. c4 bxc4 42. bxc4 Kc6 43. a4 g5 44. Kc2 g4 45. Bf2 Bg5 46. Kd3 Bf4
47. Ke4 g3 48. Bg1 Bd2 49. Kf3 Be1 50. Be3 Kd7 51. Bd4 Kc7 52. Ke2 Bb4 53. Kf3
Kc6 54. Kxg3 Bc5 55. Bc3 Bb6 56. Bd2 Bc7 57. Be3 Bxe5+ 58. Kf3 Bd6 59. Ke4 Bc7
60. Bd4 Bd6 61. Bc3 Bc7 62. Bd4 Bd6 63. Bc3 Kb6 64. Bd2 Bc7 65. Be3+ Kc6 66.
Bd4 Bd6 67. Bc3 Bb4 68. Bd4 Bf8 69. Bc3 Kb6 70. Bd4+ Bc5 71. Bc3 1/2-1/2

[Event "Maharashtra Chess League"]
[Site "Pune"]
[Date "2014.06.13"]
[Round "5"]
[White "Narayanan, Sunilduth Lyna"]
[Black "Joshi, Supriya"]
[Result "1-0"]
[WhiteElo "2413"]
[BlackElo "1814"]
[PlyCount "75"]
[EventDate "2014.06.11"]
[EventType "team"]
[EventCountry "IND"]

1. e4 e5 2. Nf3 Nc6 3. Bb5 a6 4. Ba4 Nf6 5. O-O Be7 6. Re1 b5 7. Bb3 d6 8. c3
O-O 9. h3 Nb8 10. d4 Nbd7 11. Nbd2 Bb7 12. a4 c5 13. Bc2 Re8 14. d5 Bf8 15. b3
g6 16. Nf1 Bg7 17. Bg5 h6 18. Be3 Qc7 19. N3h2 c4 20. b4 bxa4 21. Rxa4 a5 22.
b5 Rec8 23. Ng4 Nxg4 24. hxg4 Nb6 25. Ra3 Nd7 26. Qd2 Kh7 27. Ng3 Nc5 28. Rb1
Rcb8 29. f3 Bc8 30. Kf2 Bd7 31. Rh1 Rh8 32. Raa1 Bxb5 33. Bxh6 Kg8 34. Bxg7
Kxg7 35. Nf5+ Kg8 36. Rxh8+ Kxh8 37. Qh6+ Kg8 38. Qg7# 1-0

[Event "Maharashtra Chess League"]
[Site "Pune"]
[Date "2014.06.13"]
[Round "5"]
[White "Thejkumar, M  S."]
[Black "Sachdev, Tania"]
[Result "1-0"]
[WhiteElo "2446"]
[BlackElo "2368"]
[PlyCount "105"]
[EventDate "2014.06.11"]
[EventType "team"]
[EventCountry "IND"]

1. d4 Nf6 2. c4 e6 3. Nf3 d5 4. Nc3 Be7 5. Bf4 O-O 6. e3 c5 7. dxc5 Bxc5 8. a3
Nc6 9. Qc2 Qa5 10. Rd1 Be7 11. Be2 dxc4 12. Bxc4 a6 13. O-O b5 14. Bb3 Qb6 15.
e4 Nh5 16. Be3 Qc7 17. Nd5 exd5 18. exd5 Bb7 19. dxc6 Qxc6 20. Qxc6 Bxc6 21.
Ne5 Rac8 22. Nxc6 Rxc6 23. Rd7 Re8 24. Rfd1 Nf6 25. Rb7 Kf8 26. h3 Rec8 27. Bf4
Re8 28. a4 b4 29. a5 Rcc8 30. Re1 Ng8 31. Bc7 Bc5 32. Rc1 Be7 33. Re1 Bc5 34.
Bd6+ Ne7 35. Bxc5 Rxc5 36. Ba4 Nc6 37. Rxe8+ Kxe8 38. Rc7 Rxa5 39. Bxc6+ Kf8
40. Rb7 Rc5 41. Ba4 a5 42. g4 h5 43. Bb3 hxg4 44. hxg4 Rc1+ 45. Kg2 Rb1 46.
Rxf7+ Ke8 47. Rxg7 Rxb2 48. Ba4+ Kf8 49. Rb7 Ra2 50. Bc6 Rc2 51. Bd7 Rd2 52. g5
b3 53. Be6 1-0

[Event "Maharashtra Chess League"]
[Site "Pune"]
[Date "2014.06.14"]
[Round "?"]
[White "Mohanty, Kiran Manisha"]
[Black "Sachdev, Tania"]
[Result "0-1"]
[WhiteElo "2195"]
[BlackElo "2368"]
[PlyCount "107"]
[EventDate "2014.06.11"]
[EventType "team"]
[EventCountry "IND"]

1. e4 e5 2. Nf3 Nc6 3. Bb5 a6 4. Ba4 Nf6 5. O-O Be7 6. Re1 b5 7. Bb3 O-O 8. a4
b4 9. a5 d6 10. d3 Be6 11. Bc4 Bxc4 12. dxc4 Kh8 13. Nbd2 Qd7 14. Nf1 Ng8 15.
Ne3 g6 16. c5 f5 17. cxd6 cxd6 18. exf5 gxf5 19. Nd5 Rae8 20. Bg5 Bxg5 21. Nxg5
Qg7 22. f4 Nf6 23. Nxf6 Rxf6 24. Qd5 Ne7 25. Qb3 Ng6 26. Nh3 Rg8 27. Rad1 Nh4
28. g3 Qb7 29. Re2 Nf3+ 30. Kf2 Nd4 31. Rxd4 Qa7 32. Qxb4 exd4 33. Qb6 Qxb6 34.
axb6 Rb8 35. Re7 Rxb6 36. b3 h6 37. Ke2 Rc6 38. Kd2 Rf8 39. Ng1 Rfc8 40. Ne2
Rxc2+ 41. Kd3 R2c5 42. h3 a5 43. g4 fxg4 44. hxg4 Rg8 45. Re6 Kh7 46. Re7+ Rg7
47. Rxg7+ Kxg7 48. Nxd4 Kf6 49. Ke4 d5+ 50. Kd3 Rc1 51. Nc2 Rb1 52. Kd2 Rf1 53.
Kc3 Rf3+ 54. Kb2 0-1

[Event "Maharashtra Chess League"]
[Site "Pune"]
[Date "2014.06.14"]
[Round "?"]
[White "Narayanan, Sunilduth Lyna"]
[Black "Gujrathi, Vidit"]
[Result "1-0"]
[WhiteElo "2413"]
[BlackElo "2549"]
[PlyCount "51"]
[EventDate "2014.06.11"]
[EventType "team"]
[EventCountry "IND"]

1. e4 c6 2. d4 d5 3. e5 Bf5 4. Nd2 e6 5. Nb3 Nd7 6. Nf3 Ne7 7. Be2 h6 8. O-O
Bh7 9. a4 Ng6 10. a5 Be7 11. c4 O-O 12. a6 b6 13. cxd5 exd5 14. Be3 Rc8 15. Rc1
Re8 16. Bd3 Ndf8 17. Nfd2 c5 18. Bb5 Nd7 19. Qg4 Rc7 20. f4 Rf8 21. f5 Ngxe5
22. dxe5 Nxe5 23. Qg3 Qd6 24. Rcd1 Qf6 25. Bf4 Bd6 26. Ne4 1-0

[Event "Maharashtra Chess League"]
[Site "Pune"]
[Date "2014.06.14"]
[Round "?"]
[White "Pujari, Rucha"]
[Black "Dharia, Parnali"]
[Result "1-0"]
[WhiteElo "2131"]
[BlackElo "1874"]
[PlyCount "57"]
[EventDate "2014.06.11"]
[EventType "team"]
[EventCountry "IND"]

1. d4 d5 2. Nf3 c5 3. g3 e6 4. Bg2 Nf6 5. O-O cxd4 6. b3 Nc6 7. Nxd4 Bd6 8. Bb2
O-O 9. e3 Nxd4 10. Bxd4 Qe7 11. Nd2 e5 12. Bb2 Bf5 13. c4 Bd3 14. Re1 dxc4 15.
Nxc4 Bxc4 16. bxc4 Rac8 17. Qb3 Rc7 18. Red1 Rfc8 19. Rac1 h5 20. Qb5 a6 21.
Qb6 Ba3 22. Bxa3 Qxa3 23. Bh3 Rxc4 24. Rxc4 Rxc4 25. Rd8+ Kh7 26. Bf5+ Kh6 27.
h4 Rxh4 28. gxh4 Qc1+ 29. Kg2 1-0

[Event "Maharashtra Chess League"]
[Site "Pune"]
[Date "2014.06.14"]
[Round "?"]
[White "Gupta, Abhijeet"]
[Black "Adhiban, B."]
[Result "1/2-1/2"]
[WhiteElo "2636"]
[BlackElo "2575"]
[PlyCount "55"]
[EventDate "2014.06.11"]
[EventType "team"]
[EventCountry "IND"]

1. d4 Nf6 2. c4 c5 3. d5 g6 4. Nc3 Bg7 5. g3 O-O 6. Bg2 e6 7. Nf3 exd5 8. cxd5
d6 9. O-O Re8 10. Bf4 Na6 11. Re1 Bg4 12. Nd2 Nh5 13. Be3 Qd7 14. a4 Nb4 15.
Nc4 Rad8 16. Qd2 a6 17. a5 Bh3 18. Rad1 Bxg2 19. Kxg2 Qg4 20. Nb6 Bd4 21. Bxd4
cxd4 22. f3 Qf5 23. Ne4 Rxe4 24. Qxb4 Rde8 25. fxe4 Nf4+ 26. gxf4 Qxe4+ 27. Kg1
Qe3+ 28. Kh1 1/2-1/2

[Event "Maharashtra Chess League"]
[Site "Pune"]
[Date "2014.06.14"]
[Round "?"]
[White "Patil, Pratik"]
[Black "Kulkarni, Vikramaditya"]
[Result "1-0"]
[WhiteElo "2203"]
[BlackElo "2403"]
[PlyCount "121"]
[EventDate "2014.06.11"]
[EventType "team"]
[EventCountry "IND"]

1. e4 e6 2. d4 d5 3. Nd2 Nc6 4. Ngf3 Nf6 5. e5 Nd7 6. Be2 f6 7. exf6 Qxf6 8.
Nf1 Bd6 9. Ng3 O-O 10. O-O Nb6 11. Bg5 Qf7 12. c3 e5 13. dxe5 Nxe5 14. Nxe5
Bxe5 15. Bd3 Bd7 16. Qc2 h6 17. Rae1 Bxg3 18. fxg3 Qh5 19. Bf4 Bf5 20. Bxc7
Bxd3 21. Qxd3 Nc4 22. b3 Nb6 23. Rxf8+ Rxf8 24. Re5 Qg4 25. h3 Qc8 26. Bxb6
axb6 27. Qxd5+ Kh8 28. c4 Rd8 29. Qe4 Qc6 30. Qxc6 bxc6 31. Re6 Rc8 32. h4 Kg8
33. h5 Kf7 34. Rg6 b5 35. c5 b4 36. Kh2 Ra8 37. Rxc6 Rxa2 38. Rb6 Rc2 39. Rxb4
Rxc5 40. g4 Rc3 41. Rb6 Rd3 42. g3 Rd2+ 43. Kh3 Rd4 44. b4 Rc4 45. b5 Rb4 46.
Kg2 Rxg4 47. Rg6 Rb4 48. b6 Rb5 49. g4 Rb3 50. Kf2 Kf8 51. Ke2 Rc3 52. Kd2 Rb3
53. Kc2 Rb4 54. Kc3 Rb1 55. Kc4 Kg8 56. Kc5 Rc1+ 57. Kd6 Rb1 58. Kc7 Kh7 59. b7
Rb4 60. b8=Q Rc4+ 61. Rc6 1-0

[Event "Maharashtra Chess League"]
[Site "Pune"]
[Date "2014.06.14"]
[Round "?"]
[White "Prasanna Rao, S."]
[Black "Srinath, Narayanan"]
[Result "1/2-1/2"]
[WhiteElo "2427"]
[BlackElo "2484"]
[PlyCount "120"]
[EventDate "2014.06.11"]
[EventType "team"]
[EventCountry "IND"]

1. d4 Nf6 2. Bg5 e6 3. Nd2 c5 4. e3 cxd4 5. exd4 b6 6. c3 Be7 7. Ngf3 Bb7 8.
Be2 d6 9. O-O Nbd7 10. Re1 O-O 11. Nf1 Re8 12. Ng3 Nf8 13. Bb5 N6d7 14. Bxe7
Rxe7 15. Ne4 Qc7 16. Bd3 Ng6 17. Bc2 Rae8 18. Re3 Nf4 19. Re1 e5 20. dxe5 Nxe5
21. Nd4 Nc4 22. Nf5 Re5 23. Qg4 Ng6 24. Re2 Bxe4 25. Bxe4 d5 26. Bd3 Rxe2 27.
Bxe2 Re4 28. Qg3 Qf4 29. Bxc4 dxc4 30. Nd6 Re2 31. Qxf4 Nxf4 32. Nxc4 b5 33.
Ne3 Rxb2 34. h3 Ne2+ 35. Kh2 Nxc3 36. Rc1 b4 37. Nd5 h5 38. Nxc3 bxc3 39. Rxc3
Rxa2 40. Kg3 Kh7 41. Kf3 h4 42. g3 hxg3 43. fxg3 a5 44. h4 a4 45. Rc7 f6 46.
Ra7 Ra1 47. Kg2 a3 48. Ra5 Kh6 49. Ra7 f5 50. Ra8 Kg6 51. Ra6+ Kf7 52. Ra7+ Kf6
53. Ra6+ Ke5 54. Ra7 Kf6 55. Ra6+ Kf7 56. Ra7+ Kg6 57. Ra6+ Kf7 58. Ra7+ Kg6
59. Ra5 Kf6 60. Ra6+ Ke5 1/2-1/2

[Event "Maharashtra Chess League"]
[Site "Pune"]
[Date "2014.06.14"]
[Round "?"]
[White "Karavade, Eesha"]
[Black "Hagawane, Aakanksha"]
[Result "0-1"]
[WhiteElo "2437"]
[BlackElo "1802"]
[PlyCount "98"]
[EventDate "2014.06.11"]
[EventType "team"]
[EventCountry "IND"]

1. Nf3 Nf6 2. c4 Nc6 3. d4 e6 4. g3 Bb4+ 5. Bd2 Qe7 6. Bg2 O-O 7. Nc3 d6 8. d5
Nb8 9. O-O e5 10. a3 Bxc3 11. Bxc3 Nbd7 12. Nh4 a5 13. Qc2 a4 14. Nf5 Qd8 15.
f4 Re8 16. e4 exf4 17. Rxf4 Ne5 18. Raf1 Bxf5 19. exf5 Neg4 20. Qd2 Ne3 21. Re1
Nxg2 22. Kxg2 Rxe1 23. Qxe1 b5 24. cxb5 Nxd5 25. Rg4 Nf6 26. Rb4 Nd5 27. Re4
Qd7 28. f6 gxf6 29. Qe2 f5 30. Qh5 f6 31. Re1 Qxb5 32. Kh3 Qd7 33. Qf3 c6 34.
Bd4 Rb8 35. Kg2 Rb3 36. Qh5 Rb8 37. Rf1 c5 38. Qf3 Qe6 39. Qxf5 Qxf5 40. Rxf5
Ne7 41. Rxf6 cxd4 42. Rxd6 Rxb2+ 43. Kf3 Rb3+ 44. Ke4 Rxa3 45. Rxd4 Kf7 46. h4
Ra1 47. g4 a3 48. Ra4 h6 49. Kf3 a2 0-1

[Event "Maharashtra Chess League"]
[Site "Pune"]
[Date "2014.06.14"]
[Round "?"]
[White "Gagare, Shardul"]
[Black "Kulkarni, Bhakti"]
[Result "1-0"]
[WhiteElo "2358"]
[BlackElo "2278"]
[PlyCount "87"]
[EventDate "2014.06.11"]
[EventType "team"]
[EventCountry "IND"]

1. c4 d6 2. g3 Nf6 3. Bg2 e5 4. Nc3 Be7 5. Nf3 c6 6. O-O O-O 7. d3 Nbd7 8. Bg5
h6 9. Bxf6 Nxf6 10. Rb1 Be6 11. b4 Qc7 12. b5 Nd7 13. Nd2 Nc5 14. Nb3 Nd7 15.
Nd2 Nc5 16. Qc2 Rfd8 17. Nb3 d5 18. bxc6 bxc6 19. cxd5 cxd5 20. Na4 Na6 21.
Qxc7 Nxc7 22. d4 e4 23. Nbc5 Rab8 24. e3 Bg4 25. h3 Be2 26. Rfc1 Ne8 27. Bf1
Bxf1 28. Kxf1 Nd6 29. Rxb8 Rxb8 30. Nc3 Rb2 31. Nxd5 Bd8 32. a4 Ba5 33. Nc3 f5
34. Ne2 Kf7 35. g4 g6 36. gxf5 gxf5 37. Nd7 Ra2 38. Ne5+ Ke8 39. Rc6 Bb4 40.
Nf4 Rxa4 41. Nd5 Ra1+ 42. Kg2 Ba3 43. Rc7 Kf8 44. Nf6 1-0

[Event "Maharashtra Chess League"]
[Site "Pune"]
[Date "2014.06.14"]
[Round "?"]
[White "Kulkarni, Chinmay"]
[Black "Bakre, Tejas"]
[Result "0-1"]
[WhiteElo "2257"]
[BlackElo "2507"]
[PlyCount "154"]
[EventDate "2014.06.11"]
[EventType "team"]
[EventCountry "IND"]

1. e4 c5 2. c3 Nf6 3. e5 Nd5 4. Nf3 e6 5. Bc4 d6 6. O-O Be7 7. d4 cxd4 8. cxd4
Nc6 9. Qe2 O-O 10. Nc3 Nxc3 11. bxc3 dxe5 12. dxe5 Qa5 13. Qe4 Qa4 14. Bg5 h6
15. Bxe7 Nxe7 16. Bd3 Qxe4 17. Bxe4 Rb8 18. Rfd1 b6 19. Nd4 Bb7 20. Bxb7 Rxb7
21. Nb5 Ng6 22. Re1 Rd8 23. g3 Rd5 24. Nd6 Rc7 25. f4 Rxc3 26. Rad1 Ne7 27. Ne4
Rc2 28. Rc1 Rxc1 29. Rxc1 Rd7 30. Nd6 f6 31. exf6 gxf6 32. Ne4 Kf7 33. Rc2 Nf5
34. Kf2 Ke7 35. g4 Nd6 36. Ng3 Nb5 37. h4 Rc7 38. Rd2 Rc4 39. Kf3 Rc3+ 40. Kf2
Nd6 41. Re2 Kf7 42. h5 b5 43. Rd2 Rxg3 44. Rxd6 Rxg4 45. Kf3 Rh4 46. Rd7+ Ke8
47. Rd6 Ke7 48. Ra6 Rxh5 49. Rxa7+ Kd6 50. Ra6+ Kd5 51. Rb6 Kc4 52. Rxe6 f5 53.
Rc6+ Kb4 54. Rf6 Rh3+ 55. Kg2 Ra3 56. Rxf5 Rxa2+ 57. Kf3 Ra6 58. Re5 Kc4 59. f5
b4 60. Re6 Ra5 61. Ke4 b3 62. Rc6+ Kb4 63. Rb6+ Kc4 64. Rc6+ Kb5 65. Rc1 Ra2
66. f6 Rf2 67. Ke5 b2 68. Rh1 Kb4 69. Ke6 Kb3 70. f7 Ka2 71. Rh2 Rxh2 72. f8=Q
Re2+ 73. Kd7 Rd2+ 74. Ke6 b1=Q 75. Qa8+ Kb2 76. Qb7+ Ka1 77. Qg7+ Rb2 0-1